[Event "2nd GMA World Cup prel  #1"]
[Site "Belgrade YUG"]
[Date "1988.??.??"]
[Round "?"]
[White "Smagin, Sergei"]
[Black "Timoschenko, Gennady"]
[Result "0-1"]
[WhiteElo "2550"]
[BlackElo "2455"]
[EventDate "1988.12.??"]
[PlyCount "130"]

1.e4 c5 2.Nf3 d6 3.d4 cxd4 4.Nxd4 Nf6 5.Nc3 Nc6 6.Be2 e5 7.Nf3 Be7 8.O-O 
O-O 9.Re1 h6 10.h3 Be6 11.Bf1 Nb8 12.a4 Nbd7 13.a5 a6 14.Nd5 Nxd5 15.exd5 
Bf5 16.c4 Bh7 17.b4 e4 18.Nd2 Bf6 19.Ra3 Re8 20.f3 b6 21.Nxe4 Bxe4 22.Rxe4
Rxe4 23.fxe4 bxa5 24.bxa5 Nc5 25.Qg4 Bd4+ 26.Kh1 Rb8 27.Rf3 Qxa5 28.Bf4 
Rd8 29.Qf5 Qc7 30.Qg4 Qa5 31.Kh2 Qe1 32.Bg3 Qxe4 33.Rf4 Qb1 34.Rxd4 Qxf1 
35.Rf4 Qd3 36.Bf2 Nd7 37.Rf3 Qe2 38.Qh4 Re8 39.Rg3 Ne5 40.c5 dxc5 41.d6 
Nd7 42.Qa4 Qb5 43.Qg4 g6 44.Qh4 Qc6 45.Ra3 Qxd6+ 46.Bg3 Qc6 47.Ra2 h5 48.
Rd2 Ne5 49.Qg5 Qe6 50.Kh1 c4 51.Re2 f6 52.Qd2 Kg7 53.Qa5 Qd6 54.Rd2 Qc6 
55.Rd5 Qb7 56.Bf2 Nd3 57.Bg3 Re7 58.Bd6 Rd7 59.Qa4 Qxd5 60.Qxd7+ Qf7 61.
Qa4 Nf2+ 62.Kg1 Ne4 63.Qxa6 Nxd6 64.Qxd6 Qa7+ 65.Kh1 Qa1+ 0-1

[Event "2nd GMA World Cup prel  #1"]
[Site "Belgrade YUG"]
[Date "1988.??.??"]
[Round "?"]
[White "Spiridonov, Nikola"]
[Black "Blees, Albert"]
[Result "1-0"]
[WhiteElo "2420"]
[BlackElo "2350"]
[EventDate "1988.12.??"]
[PlyCount "99"]

1.Nf3 Nf6 2.g3 g6 3.b4 Bg7 4.Bb2 d6 5.Bg2 O-O 6.O-O e5 7.d3 c6 8.c4 Nbd7 
9.Qc2 Qe7 10.a4 a5 11.b5 Nc5 12.Nfd2 Qc7 13.Nc3 Bf5 14.h3 Rfe8 15.e4 Bd7 
16.Nb3 Ne6 17.Qd2 Nh5 18.Ne2 Bf6 19.Bc3 Bd8 20.f4 Bc8 21.f5 Bg5 22.Qe1 
gxf5 23.exf5 Neg7 24.Bxa5 Qe7 25.Bd2 cxb5 26.axb5 Rxa1 27.Nxa1 Nxf5 28.g4 
Ne3 29.gxh5 Nxf1 30.Bxf1 Kh8 31.Bg2 Rg8 32.Kh1 Bxd2 33.Qxd2 Qh4 34.Ng1 
Qxh5 35.Nc2 Rg3 36.Qf2 Qg5 37.Ne1 f5 38.Qb6 Qf6 39.c5 Rg6 40.Qc7 Be6 41.
Qxd6 Rg8 42.c6 bxc6 43.b6 Rd8 44.Qxc6 Qe7 45.b7 Kg7 46.Ngf3 Kf6 47.d4 e4 
48.d5 exf3 49.Nxf3 Kg7 50.dxe6 1-0

[Event "2nd GMA World Cup prel  #1"]
[Site "Belgrade YUG"]
[Date "1988.??.??"]
[Round "?"]
[White "Spiridonov, Nikola"]
[Black "Despotovic, Momcilo"]
[Result "1-0"]
[WhiteElo "2420"]
[BlackElo "2355"]
[EventDate "1988.12.??"]
[PlyCount "118"]

1.Nf3 d6 2.c4 e5 3.Nc3 Nf6 4.g3 c6 5.Bg2 Be6 6.d3 h6 7.O-O Nbd7 8.b3 d5 9.
e3 Be7 10.Bb2 O-O 11.Rc1 Re8 12.Rc2 Bf8 13.cxd5 cxd5 14.Nb5 e4 15.dxe4 
dxe4 16.Bxf6 Nxf6 17.Qxd8 Rexd8 18.Nfd4 Bd7 19.Rc7 Bc8 20.Rfc1 Nd5 21.R7c4
a6 22.Nc7 Nxc7 23.Rxc7 Bd6 24.R7c4 f5 25.h4 Bd7 26.Bh3 Rf8 27.Rd1 Rad8 28.
Nc2 Bb5 29.Rcd4 Rc8 30.Rxd6 Rxc2 31.R1d2 Rxd2 32.Rxd2 Bc6 33.Rd6 Rf7 34.
Bf1 Kf8 35.Bxa6 Rc7 36.Bc4 b5 37.Bd5 Be8 38.g4 Ke7 39.Re6+ Kd7 40.Ra6 fxg4
41.Be6+ Ke7 42.Bxg4 Rc6 43.Rxc6 Bxc6 44.a3 Kf6 45.Kg2 g5 46.Kg3 Be8 47.Bd1
h5 48.Bc2 Bc6 49.b4 Kf5 50.f3 Ke5 51.hxg5 exf3 52.Bd3 Bd5 53.g6 h4+ 54.
Kxh4 Bc4 55.g7 f2 56.g8=Q Bxg8 57.Kg3 Bc4 58.Bxc4 bxc4 59.Kxf2 Ke4 1-0

[Event "2nd GMA World Cup prel  #1"]
[Site "Belgrade YUG"]
[Date "1988.??.??"]
[Round "?"]
[White "Spiridonov, Nikola"]
[Black "Lerner, Konstantin"]
[Result "0-1"]
[WhiteElo "2420"]
[BlackElo "2530"]
[EventDate "1988.12.??"]
[PlyCount "78"]

1.c4 e5 2.Nc3 d6 3.g3 g6 4.Bg2 Bg7 5.d3 f5 6.e4 Nc6 7.Nge2 Nf6 8.O-O fxe4 
9.Nxe4 Nxe4 10.Bxe4 Bh3 11.Re1 O-O 12.Be3 Qd7 13.b4 a6 14.Rb1 Kh8 15.a4 
Bg4 16.b5 axb5 17.axb5 Nd4 18.Bxd4 exd4 19.Bxb7 Ra2 20.f3 Rxf3 21.Qb3 Rd2 
22.b6 Rf8 23.Rb2 Rxb2 24.Qxb2 cxb6 25.Be4 Be5 26.Rf1 Rxf1+ 27.Kxf1 Bh3+ 
28.Kg1 Qg4 29.Qxb6 Qg5 30.Kf2 Bg4 31.Ke1 Bxe2 32.Kxe2 Qh5+ 33.Kf1 Qxh2 34.
Qd8+ Kg7 35.Qe7+ Kh6 36.Qf8+ Kg5 37.Qe7+ Kg4 38.Qf7 Kxg3 39.Qf3+ Kh4 0-1

[Event "2nd GMA World Cup prel  #1"]
[Site "Belgrade YUG"]
[Date "1988.??.??"]
[Round "?"]
[White "Strikovic, Aleksa"]
[Black "Makarov, Marat"]
[Result "0-1"]
[WhiteElo "2460"]
[BlackElo "2370"]
[EventDate "1988.12.??"]
[PlyCount "90"]

1.Nf3 c5 2.e4 d6 3.d4 cxd4 4.Nxd4 Nf6 5.Nc3 Nc6 6.Be2 e5 7.Nf3 h6 8.O-O 
Be7 9.Re1 O-O 10.h3 Be6 11.Bf1 Qa5 12.Bd2 Qd8 13.b3 Rc8 14.Bc1 d5 15.exd5 
Nxd5 16.Nxd5 Qxd5 17.Bb2 Qxd1 18.Raxd1 f6 19.c4 Rfd8 20.Bd3 Rc7 21.Be4 
Rcd7 22.Rxd7 Rxd7 23.g4 Nb4 24.Kg2 Nd3 25.Bxd3 Rxd3 26.Re2 h5 27.gxh5 Bf7 
28.h6 gxh6 29.Rd2 Bg6 30.Rxd3 Bxd3 31.Nd2 Kf7 32.f4 Bb4 33.Nf1 exf4 34.Bc1
Be4+ 35.Kf2 Bc5+ 36.Ke2 Bd6 37.Nd2 Bg2 38.h4 Kg6 39.Kf2 Bc6 40.Nf3 Bc5+ 
41.Ke2 Kf5 42.Bd2 Kg4 43.Nh2+ Kg3 44.Nf1+ Kg2 45.b4 Bf3+ 0-1

[Event "2nd GMA World Cup prel  #1"]
[Site "Belgrade YUG"]
[Date "1988.??.??"]
[Round "?"]
[White "Strikovic, Aleksa"]
[Black "Nikolic, Nebojsa"]
[Result "1-0"]
[WhiteElo "2460"]
[BlackElo "2375"]
[EventDate "1988.12.??"]
[PlyCount "79"]

1.e4 c5 2.c3 d5 3.exd5 Qxd5 4.d4 Nf6 5.Nf3 Nc6 6.Be2 cxd4 7.cxd4 e6 8.O-O 
Be7 9.Nc3 Qd6 10.Bg5 O-O 11.Rc1 Nb4 12.Qb3 Nbd5 13.Ne5 Rd8 14.Bf3 Ne8 15.
Bxe7 Nxe7 16.Rfd1 Nf6 17.Nb5 Qb8 18.Nc7 Ned5 19.Nxa8 Qxa8 20.g3 g6 21.Rc2 
b6 22.Nc6 Rd7 23.Rdc1 Bb7 24.a3 Kg7 25.Qd3 a5 26.Qe2 Rd6 27.Ne5 h5 28.h4 
Ba6 29.Qd2 Qd8 30.Qg5 Ne7 31.Rc7 Rxd4 32.Ra7 Bb5 33.Rcc7 Rd1+ 34.Bxd1 
Qxd1+ 35.Kh2 Qf1 36.Qf4 Ng4+ 37.Nxg4 hxg4 38.Rc1 Qh3+ 39.Kg1 Nf5 40.Qe5+ 
1-0

[Event "2nd GMA World Cup prel  #1"]
[Site "Belgrade YUG"]
[Date "1988.??.??"]
[Round "?"]
[White "Strikovic, Aleksa"]
[Black "Romanishin, Oleg"]
[Result "1-0"]
[WhiteElo "2460"]
[BlackElo "2550"]
[EventDate "1988.12.??"]
[PlyCount "81"]

1.e4 e5 2.Nf3 Nc6 3.Bb5 a6 4.Ba4 Nf6 5.O-O Be7 6.Re1 b5 7.Bb3 d6 8.a4 Bg4 
9.c3 O-O 10.h3 Bxf3 11.Qxf3 Na5 12.Bc2 b4 13.d4 Nd7 14.Nd2 Bg5 15.Nb3 Bxc1
16.Raxc1 Nxb3 17.Bxb3 Rb8 18.dxe5 Nxe5 19.Qe2 a5 20.f4 Ng6 21.g3 bxc3 22.
Rxc3 Rb4 23.h4 Re8 24.Bd5 Ne7 25.Bc4 c6 26.b3 Nd5 27.Rd3 Nf6 28.Re3 h5 29.
e5 Ng4 30.e6 Kh8 31.Kh1 d5 32.Bd3 Qf6 33.Bb1 g6 34.f5 gxf5 35.Bxf5 fxe6 
36.Bxg4 Rxg4 37.Rf1 Qg6 38.Re5 Kg8 39.Rff5 exf5 40.Rxe8+ Kh7 41.Qe5 1-0

[Event "2nd GMA World Cup prel  #1"]
[Site "Belgrade YUG"]
[Date "1988.??.??"]
[Round "?"]
[White "Subasic, Ilijas"]
[Black "Crawley, Gavin"]
[Result "0-1"]
[WhiteElo "2280"]
[BlackElo "2380"]
[EventDate "1988.12.??"]
[PlyCount "54"]

1.e4 e5 2.Nf3 Nc6 3.Bb5 a6 4.Ba4 Nf6 5.Nc3 Be7 6.d3 d6 7.Bd2 O-O 8.h3 Nd7 
9.g4 Nc5 10.Bxc6 bxc6 11.d4 exd4 12.Nxd4 Bf6 13.Be3 Qe8 14.g5 Be5 15.f4 
Nxe4 16.fxe5 Nxc3 17.bxc3 Qxe5 18.Qf3 c5 19.Ne2 Bb7 20.Qxb7 Qxe3 21.Rf1 
Rae8 22.Qf3 Qxg5 23.Rb1 g6 24.Kf2 Re6 25.Nf4 Rf6 26.Ke2 Re8+ 27.Kd3 Rxf4 
0-1

[Event "2nd GMA World Cup prel  #1"]
[Site "Belgrade YUG"]
[Date "1988.??.??"]
[Round "?"]
[White "Subasic, Ilijas"]
[Black "Kosic, Dragan"]
[Result "1/2-1/2"]
[WhiteElo "2280"]
[BlackElo "2440"]
[EventDate "1988.12.??"]
[PlyCount "212"]

1.e4 c5 2.Nf3 e6 3.d3 Nc6 4.g3 d6 5.Bg2 Nge7 6.c3 g6 7.d4 b6 8.d5 exd5 9.
exd5 Nb8 10.O-O Bg7 11.Re1 O-O 12.Bg5 Re8 13.a4 h6 14.Bxe7 Rxe7 15.Na3 
Rxe1+ 16.Qxe1 Nd7 17.Nc4 Nf6 18.Nfd2 Ba6 19.Qe3 Qd7 20.Qf4 Rd8 21.Ne3 Bb7 
22.Ndc4 h5 23.a5 Qc7 24.axb6 axb6 25.Ra7 Qb8 26.Ra3 b5 27.Na5 Qc7 28.Nc6 
Re8 29.Ra7 Ra8 30.Rxa8+ Bxa8 31.h3 Qd7 32.Na5 Qc7 33.b4 c4 34.Nc6 Kf8 35.
Nd4 Qd7 36.g4 hxg4 37.hxg4 Kg8 38.Bf3 Nh7 39.Nec2 Be5 40.Qe3 Nf6 41.Nc6 
Nxg4 42.Qg5 Bh2+ 43.Kg2 Ne5 44.Be4 f6 45.Qxf6 Qg4+ 46.Kxh2 Qxe4 47.Nxe5 
Qxe5+ 48.Qxe5 dxe5 49.Na3 Bxd5 50.Nxb5 Kf7 51.Kg3 Kf6 52.Kg4 Bc6 53.Na3 
Bd5 54.Nc2 Be6+ 55.Kf3 Bd5+ 56.Kg3 Be6 57.Ne3 Ke7 58.Kf3 Kd7 59.Ke4 Kd6 
60.b5 Bf7 61.b6 Kc6 62.Kxe5 Kxb6 63.Kf6 Be8 64.Nxc4+ Kc5 65.Ne3 Kd6 66.f4 
Kc5 67.Ke7 Bb5 68.Kf7 Bd3 69.Kf6 Bb1 70.Nf1 Bd3 71.Nd2 Bf5 72.Ke5 Bc2 73.
Nf1 Bd3 74.Ne3 Bb1 75.Kf6 Be4 76.Kg5 Kb5 77.Kf6 Kc5 78.Ke6 Bb1 79.Kd7 Bd3 
80.Ke7 Bb1 81.Kf6 Be4 82.Kg5 Kb5 83.Nf1 Bd3 84.Nd2 Ka4 85.Kf6 Kb5 86.Nf3 
Bb1 87.Ne5 Kc5 88.Kg5 Kd5 89.Nf3 Bf5 90.Nd2 Ke6 91.Kh4 Bd3 92.Kg5 Bf5 93.
Nc4 Bb1 94.Ne3 Kd6 95.Kg4 Ke6 96.Nc4 Kd5 97.Nd2 Bd3 98.Kf3 Ba6 99.Ke3 Ke6 
100.Ne4 Kf5 101.Ng5 Bf1 102.Nf3 Ba6 103.Ng5 Bf1 104.Nf7 Ba6 105.Nd6+ Ke6 
106.Ne4 Kf5 1/2-1/2

[Event "2nd GMA World Cup prel  #1"]
[Site "Belgrade YUG"]
[Date "1988.??.??"]
[Round "?"]
[White "Subasic, Ilijas"]
[Black "Nestorovic, Dejan"]
[Result "1-0"]
[WhiteElo "2280"]
[BlackElo "2370"]
[EventDate "1988.12.??"]
[PlyCount "73"]

1.e4 e5 2.Nf3 Nc6 3.Bb5 a6 4.Ba4 Nf6 5.Nc3 b5 6.Bb3 Be7 7.d3 d6 8.Nd5 Nxd5
9.Bxd5 Bd7 10.O-O Rb8 11.c3 O-O 12.h3 Bf6 13.Be3 Qe8 14.Nh2 Be6 15.Bb3 Qe7
16.Qd2 Rfd8 17.Bd5 Qd7 18.Ng4 Bxd5 19.exd5 Ne7 20.c4 Kh8 21.b3 Ng8 22.f4 
e4 23.Nxf6 Nxf6 24.Bd4 Re8 25.Rae1 bxc4 26.dxc4 Ng8 27.f5 f6 28.g4 c6 29.
Qa5 c5 30.Be3 Qd8 31.Bd2 Qxa5 32.Bxa5 Re7 33.Rf4 Rbe8 34.b4 Rd7 35.Rfxe4 
Re5 36.bxc5 dxc5 37.Rxe5 1-0

[Event "2nd GMA World Cup prel  #1"]
[Site "Belgrade YUG"]
[Date "1988.??.??"]
[Round "?"]
[White "Subasic, Ilijas"]
[Black "Vucic, Mladen"]
[Result "1-0"]
[WhiteElo "2280"]
[BlackElo "2400"]
[EventDate "1988.12.??"]
[PlyCount "43"]

1.e4 c5 2.Nf3 e6 3.d3 g6 4.d4 Bg7 5.dxc5 Qa5+ 6.c3 Qxc5 7.Be3 Qc7 8.Na3 
Bxc3+ 9.Nd2 Bb4 10.Nb5 Qd8 11.a3 Be7 12.Bf4 Na6 13.Rc1 d5 14.Qb3 Kf8 15.
Nc7 Nxc7 16.Bxc7 Qe8 17.Bd3 Nf6 18.O-O b6 19.Rfe1 Bd7 20.Be5 Rc8 21.exd5 
exd5 22.Bxf6 1-0

[Event "2nd GMA World Cup prel  #1"]
[Site "Belgrade YUG"]
[Date "1988.??.??"]
[Round "?"]
[White "Sulava, Nenad"]
[Black "Atanasijadis, Antimos"]
[Result "1/2-1/2"]
[WhiteElo "2395"]
[BlackElo "2260"]
[EventDate "1988.12.??"]
[PlyCount "71"]

1.d4 d5 2.Bg5 c6 3.Nf3 Bf5 4.e3 Qb6 5.Nbd2 Nd7 6.Nh4 h6 7.Nxf5 hxg5 8.c4 
e6 9.Ng3 Ngf6 10.Bd3 Qxb2 11.Rb1 Qxa2 12.Rxb7 Bd6 13.O-O Rb8 14.Rxb8+ Bxb8
15.Qc1 Qa5 16.e4 Bf4 17.cxd5 cxd5 18.Nb3 Qd8 19.Qa3 dxe4 20.Bb5 Qc7 21.Ra1
Qd6 22.Qxd6 Bxd6 23.Rxa7 Bxg3 24.hxg3 Ke7 25.Nc5 Rb8 26.f4 Rxb5 27.fxg5 
Ng4 28.Kf1 Rb1+ 29.Ke2 Rb2+ 30.Ke1 e3 31.Rxd7+ Ke8 32.Rb7 Rxg2 33.Rb8+ Ke7
34.Rb7+ Ke8 35.Rb8+ Ke7 36.Rb7+ 1/2-1/2

[Event "2nd GMA World Cup prel  #1"]
[Site "Belgrade YUG"]
[Date "1988.??.??"]
[Round "?"]
[White "Sulava, Nenad"]
[Black "Blees, Albert"]
[Result "0-1"]
[WhiteElo "2395"]
[BlackElo "2350"]
[EventDate "1988.12.??"]
[PlyCount "72"]

1.d4 Nf6 2.c4 g6 3.Nc3 d5 4.Nf3 Bg7 5.cxd5 Nxd5 6.g3 O-O 7.Bg2 Nc6 8.O-O 
Nb6 9.d5 Na5 10.Qc2 c6 11.dxc6 Nxc6 12.Rd1 Bd7 13.Be3 Rc8 14.Bxb6 axb6 15.
Qd2 Be6 16.Qe3 Qc7 17.Nb5 Qb8 18.Nfd4 Bc4 19.Nxc6 bxc6 20.Nd4 Qb7 21.Nxc6 
Rxc6 22.Rac1 Bb5 23.Qb3 Bxe2 24.Rxc6 Bxd1 25.Qxd1 Qa7 26.Qb3 Bd4 27.Qb4 b5
28.Rc2 Qxa2 29.Bf1 Qa7 30.Rd2 Rd8 31.Qxb5 Rd6 32.Bc4 Rf6 33.Kg2 Kg7 34.f4 
Rd6 35.h4 Qa8+ 36.Kh2 Bg1+ 0-1

[Event "2nd GMA World Cup prel  #1"]
[Site "Belgrade YUG"]
[Date "1988.??.??"]
[Round "?"]
[White "Sveshnikov, Evgeny"]
[Black "Palatnik, Semon"]
[Result "1-0"]
[WhiteElo "2450"]
[BlackElo "2500"]
[EventDate "1988.12.??"]
[PlyCount "171"]

1.e4 Nf6 2.e5 Nd5 3.c4 Nb6 4.c5 Nd5 5.Nc3 Nxc3 6.dxc3 d5 7.cxd6 exd6 8.Bf4
d5 9.Bd3 Be6 10.Nf3 Be7 11.Nd4 g6 12.Nxe6 fxe6 13.h4 Nc6 14.h5 g5 15.Bg3 
Qd7 16.Qc2 Bf8 17.h6 Qf7 18.O-O-O Ne7 19.Qa4+ c6 20.c4 a6 21.Qa5 Rd8 22.
Bc2 Nf5 23.cxd5 cxd5 24.Qa4+ Rd7 25.Rd3 Nxh6 26.Rc3 Kd8 27.Qa5+ Rc7 28.Qb6
Bg7 29.Rxc7 Qxc7 30.Qxe6 Qc6 31.Qh3 Ke7 32.Kb1 Nf7 33.Qg4 Rc8 34.Qe2 h6 
35.Rd1 Qe6 36.Qd2 Bxe5 37.Re1 Kf6 38.Qd3 Rg8 39.a3 Rg7 40.Qf3+ Ke7 41.Bb3 
g4 42.Qd3 Kf6 43.Bxd5 Qd6 44.Qb3 Bxg3 45.Re6+ Qxe6 46.Bxe6 Bxf2 47.Bc8 Rg5
48.Qxb7 a5 49.Qc6+ Kg7 50.Qc3+ Kf8 51.Bxg4 Re5 52.Qf3 Bh4 53.Qc6 Be7 54.
Qg6 Rg5 55.Qe4 Bf6 56.Bf5 Kg7 57.Qc2 h5 58.Ka2 h4 59.Kb3 Be5 60.Ka4 Bg3 
61.Qe4 Kf8 62.Qe6 Kg7 63.Kxa5 Bc7+ 64.Ka4 Rxg2 65.Qd7 Be5 66.b4 Rf2 67.Be6
Bg3 68.Kb5 Kg6 69.a4 Nd6+ 70.Ka6 Rf8 71.Bd5 Rf6 72.a5 Bf2 73.Qg4+ Kh6 74.
b5 Ne8+ 75.Bc6 Nc7+ 76.Kb7 Rf7 77.b6 Ne6+ 78.Ka6 Rf6 79.Bf3 Kh7 80.Be4+ 
Kh6 81.Bf5 Ng5 82.Kb5 h3 83.b7 Rf8 84.Qf4 Bg3 85.Qxg3 Rxf5+ 86.Ka4 1-0

[Event "2nd GMA World Cup prel  #1"]
[Site "Belgrade YUG"]
[Date "1988.??.??"]
[Round "?"]
[White "Sveshnikov, Evgeny"]
[Black "Petursson, Margeir"]
[Result "1/2-1/2"]
[WhiteElo "2450"]
[BlackElo "2530"]
[EventDate "1988.12.??"]
[PlyCount "27"]

1.e4 c5 2.c3 d5 3.exd5 Qxd5 4.d4 Nf6 5.Na3 cxd4 6.Nb5 Na6 7.Qxd4 e5 8.Qa4 
Bd7 9.Be3 Qc6 10.Nf3 Nc5 11.Qc4 Ng4 12.Qd5 Ne6 13.O-O-O Qxd5 14.Rxd5 
1/2-1/2

[Event "2nd GMA World Cup prel  #1"]
[Site "Belgrade YUG"]
[Date "1988.??.??"]
[Round "?"]
[White "Sveshnikov, Evgeny"]
[Black "Razuvaev, Yury"]
[Result "1-0"]
[WhiteElo "2450"]
[BlackElo "2535"]
[EventDate "1988.12.??"]
[PlyCount "63"]

1.e4 c5 2.c3 e6 3.d4 d5 4.e5 Nc6 5.Nf3 Bd7 6.Bd3 cxd4 7.cxd4 Qb6 8.Nc3 
Nxd4 9.Nxd4 Qxd4 10.O-O a6 11.Qe2 Ne7 12.Kh1 Nc6 13.f4 Nb4 14.Rd1 Nxd3 15.
Rxd3 Qc4 16.b3 Qc7 17.Bb2 Bc6 18.Rc1 Rd8 19.Qf2 Be7 20.Ne2 O-O 21.Nd4 Qd7 
22.f5 exf5 23.Rg3 g6 24.Qf4 Rfe8 25.Nxf5 Bf8 26.Bd4 Re6 27.Nh6+ Bxh6 28.
Qxh6 Rde8 29.Rf1 Qc7 30.Rh3 f5 31.exf6 Qf7 32.Qxh7+ 1-0

[Event "2nd GMA World Cup prel  #1"]
[Site "Belgrade YUG"]
[Date "1988.??.??"]
[Round "?"]
[White "Taimanov, Mark"]
[Black "Doric, Dusan"]
[Result "1-0"]
[WhiteElo "2480"]
[BlackElo "2360"]
[EventDate "1988.12.??"]
[PlyCount "119"]

1.Nf3 Nf6 2.b3 g6 3.Bb2 Bg7 4.g3 b6 5.Bg2 Bb7 6.O-O O-O 7.c4 c5 8.Nc3 Nc6 
9.d4 Nxd4 10.Nxd4 Bxg2 11.Kxg2 cxd4 12.Qxd4 d6 13.Rfd1 Ne8 14.Qe4 Nc7 15.
Rab1 Re8 16.h4 h5 17.Qf3 Qc8 18.Nd5 Bxb2 19.Rxb2 Nxd5 20.Rxd5 Qe6 21.Rbd2 
Rac8 22.Rg5 Kh7 23.Rd4 f5 24.e4 Rc5 25.Rxh5+ gxh5 26.Qxh5+ Kg7 27.exf5 Rg8
28.Qg4+ Kf6 29.fxe6 Rxg4 30.Rxg4 Kxe6 31.Rg5 Rc8 32.h5 Kf6 33.Rg6+ Kf7 34.
f4 b5 35.cxb5 Rc2+ 36.Kh3 Rxa2 37.Rg5 Ra1 38.Kg4 e6 39.h6 Rh1 40.Rg7+ Kf6 
41.Rxa7 Rxh6 42.Rd7 d5 43.b6 Rh8 44.b7 Rb8 45.b4 Rh8 46.Kf3 Rb8 47.Ke3 e5 
48.Rd6+ Ke7 49.Rxd5 exf4+ 50.gxf4 Rxb7 51.b5 Ke6 52.Kd4 Rb6 53.f5+ Ke7 54.
Kc5 Rb8 55.b6 Rc8+ 56.Kb5 Rb8 57.Kc6 Rc8+ 58.Kb7 Rc1 59.Kb8 Rc2 60.b7 1-0

[Event "2nd GMA World Cup prel  #1"]
[Site "Belgrade YUG"]
[Date "1988.??.??"]
[Round "?"]
[White "Taimanov, Mark"]
[Black "Van der Wiel, John"]
[Result "1/2-1/2"]
[WhiteElo "2480"]
[BlackElo "2540"]
[EventDate "1988.12.??"]
[PlyCount "38"]

1.Nf3 d5 2.d4 Nf6 3.c4 c6 4.cxd5 cxd5 5.Nc3 Nc6 6.Bf4 e6 7.e3 Nh5 8.Bg3 
Nxg3 9.hxg3 g6 10.Be2 Bg7 11.a3 O-O 12.O-O Qd6 13.b4 Rd8 14.Qb3 b6 15.Rfc1
Bb7 16.Rc2 a5 17.Nb5 Qe7 18.bxa5 Nxa5 19.Qb2 Rdc8 1/2-1/2

[Event "2nd GMA World Cup prel  #1"]
[Site "Belgrade YUG"]
[Date "1988.??.??"]
[Round "?"]
[White "Tan Chengxuan"]
[Black "Danilovic, Milorad"]
[Result "1/2-1/2"]
[WhiteElo "2300"]
[BlackElo "2350"]
[EventDate "1988.12.??"]
[PlyCount "132"]

1.e4 e5 2.Nf3 Nc6 3.Bb5 a6 4.Ba4 Nf6 5.O-O Be7 6.Re1 b5 7.Bb3 d6 8.c3 O-O 
9.h3 Na5 10.Bc2 c5 11.d4 Nd7 12.Nbd2 cxd4 13.cxd4 Nc6 14.Nb3 a5 15.Be3 a4 
16.Nc1 Bf6 17.Ne2 Nb6 18.Nc3 Nc4 19.Nxb5 Nxb2 20.Qc1 exd4 21.Nfxd4 Nxd4 
22.Bxd4 Bxd4 23.Nxd4 a3 24.Qf4 Be6 25.e5 d5 26.Re3 Nc4 27.Rg3 Kh8 28.Re1 
Ra6 29.h4 Qe7 30.h5 Re8 31.Qf3 Rb6 32.Qd3 g6 33.f4 Qc5 34.Kh2 Bd7 35.e6 
Bxe6 36.f5 Bd7 37.fxg6 fxg6 38.hxg6 Rxg6 39.Rxg6 hxg6 40.Qxg6 Qd6+ 41.Qxd6
Nxd6 42.Rxe8+ Bxe8 43.Bb3 Nc4 44.Nc2 Kg7 45.Kg3 Kf6 46.Kf4 Bg6 47.Nd4 Bd3 
48.Nb5 Ke6 49.g4 Bb1 50.Nc3 Bd3 51.Nb5 Nd2 52.Nxa3 Nxb3 53.axb3 d4 54.Nc4 
Kd5 55.Nd2 Bg6 56.Kg5 Be8 57.Kf4 Bg6 58.Nf3 Bc2 59.b4 Bd1 60.b5 d3 61.g5 
Kc5 62.g6 Bb3 63.Ke3 Bd5 64.Nd4 d2 65.Kxd2 Kxd4 66.b6 Kc5 1/2-1/2

[Event "2nd GMA World Cup prel  #1"]
[Site "Belgrade YUG"]
[Date "1988.??.??"]
[Round "?"]
[White "Tan Chengxuan"]
[Black "Legky, Nikolai"]
[Result "0-1"]
[WhiteElo "2300"]
[BlackElo "2380"]
[EventDate "1988.12.??"]
[PlyCount "112"]

1.e4 e6 2.d4 d5 3.e5 c5 4.c3 Nc6 5.Nf3 Nge7 6.Na3 Nf5 7.Nc2 cxd4 8.cxd4 
Qb6 9.Be2 Bb4+ 10.Kf1 Be7 11.g4 Nh4 12.Nxh4 Bxh4 13.Kg2 f6 14.f4 fxe5 15.
fxe5 O-O 16.b3 Bd7 17.Be3 Ne7 18.Qd2 Bb5 19.Rhf1 Ng6 20.Rxf8+ Rxf8 21.Rf1 
Rc8 22.Bxb5 Qxb5 23.Nb4 Qa5 24.Rd1 Be7 25.Nd3 Nh4+ 26.Kg3 Rf8 27.Ne1 Qa6 
28.Bg5 Bxg5 29.Qxg5 Ng6 30.Qd2 Qf1 31.h3 Nf4 32.Ng2 Ne2+ 33.Kh2 Qf2 34.Qe3
Qxe3 35.Nxe3 Rf2+ 36.Ng2 Kf7 37.Rd2 Kg6 38.a4 a5 39.Rb2 Kg5 40.Rc2 g6 41.
Rb2 h5 42.gxh5 gxh5 43.b4 axb4 44.a5 Kf5 45.Rd2 Ke4 46.h4 b3 47.Rb2 Kxd4 
48.Rxb3 Nf4 49.Kg3 Rxg2+ 50.Kxf4 Rg4+ 51.Kf3 Kxe5 52.Rxb7 Rxh4 53.a6 Ra4 
54.a7 Ra3+ 55.Kg2 h4 56.Rh7 h3+ 0-1

[Event "2nd GMA World Cup prel  #1"]
[Site "Belgrade YUG"]
[Date "1988.??.??"]
[Round "?"]
[White "Tan Chengxuan"]
[Black "Maksimovic, Branimir"]
[Result "1-0"]
[WhiteElo "2300"]
[BlackElo "2435"]
[EventDate "1988.12.??"]
[PlyCount "108"]

1.e4 e6 2.d4 d5 3.e5 c5 4.c3 Nc6 5.Nf3 Nge7 6.Na3 cxd4 7.cxd4 Nf5 8.Nc2 
Qa5+ 9.Bd2 Qb6 10.Bc3 Be7 11.Bd3 a5 12.a3 h5 13.Qd2 g6 14.O-O Bd7 15.b4 a4
16.Rab1 Rg8 17.Rfd1 g5 18.Be2 g4 19.Nfe1 Bg5 20.Qd3 Rc8 21.b5 Na5 22.Rb4 
Rc4 23.Rdb1 Be7 24.R4b2 Nb3 25.Rxb3 axb3 26.Rxb3 f6 27.Ne3 fxe5 28.Nxc4 
dxc4 29.Qxc4 exd4 30.Bd2 Bd6 31.a4 Qa7 32.a5 Qb8 33.g3 Ke7 34.a6 Rc8 35.
Qd3 Qa8 36.Bf1 bxa6 37.Bg2 Qa7 38.b6 Qb8 39.b7 Rc6 40.Bxc6 Bxc6 41.Qxa6 
Bd5 42.Rb6 Bc7 43.Bg5+ Kf7 44.Bf4 Bxf4 45.gxf4 h4 46.Nd3 g3 47.Ne5+ Kg7 
48.Qb5 Ne7 49.Qd7 Kf6 50.Qxe6+ Bxe6 51.Nd7+ Kf5 52.Nxb8 d3 53.Nc6 Nxc6 54.
Rxc6 Bd5 1-0

[Event "2nd GMA World Cup prel  #1"]
[Site "Belgrade YUG"]
[Date "1988.??.??"]
[Round "?"]
[White "Tan Chengxuan"]
[Black "Nikolic, Stanimir"]
[Result "1-0"]
[WhiteElo "2300"]
[BlackElo "2320"]
[EventDate "1988.12.??"]
[PlyCount "120"]

1.e4 c5 2.c3 d5 3.exd5 Qxd5 4.d4 Nc6 5.Nf3 Nf6 6.Be2 e6 7.O-O Be7 8.c4 Qd8
9.dxc5 Qxd1 10.Rxd1 Bxc5 11.Nc3 O-O 12.a3 a5 13.Bg5 a4 14.Rd2 b6 15.Rad1 
e5 16.Bxf6 gxf6 17.Ne4 Kg7 18.Ng3 Nd4 19.Nxd4 Bxd4 20.Bf3 Rb8 21.Bc6 Be6 
22.Bxa4 f5 23.Bb5 Rbc8 24.Kf1 Kf6 25.Ne2 Bc5 26.Bd7 Rc7 27.Bxe6 fxe6 28.
Nc3 Be7 29.b3 e4 30.Nb5 Rb7 31.Rd7 Rfb8 32.Ke2 h5 33.g3 h4 34.R1d2 e5 35.
Nc7 Bxa3 36.b4 f4 37.R2d6+ Kf5 38.Rf7+ Kg4 39.Rh6 f3+ 40.Kf1 Rxc7 41.Rxh4+
Kg5 42.Rxc7 Rd8 43.Rxe4 Bxb4 44.Rxe5+ Kf6 45.Rd5 Ra8 46.Rd1 Bc5 47.Rcd7 
Ra4 48.R7d3 Rxc4 49.Rxf3+ Ke5 50.h4 b5 51.h5 Rg4 52.Re1+ Kd6 53.Rf6+ Kd7 
54.h6 Rg8 55.Rf7+ Kd6 56.h7 Rh8 57.g4 b4 58.g5 Bd4 59.Rd1 Ke6 60.g6 Bc3 
1-0

[Event "2nd GMA World Cup prel  #1"]
[Site "Belgrade YUG"]
[Date "1988.??.??"]
[Round "?"]
[White "Tan Chengxuan"]
[Black "Vasiljevic, Dragan"]
[Result "1/2-1/2"]
[WhiteElo "2300"]
[BlackElo "2325"]
[EventDate "1988.12.??"]
[PlyCount "110"]

1.e4 e6 2.d4 d5 3.e5 c5 4.c3 Nc6 5.Nf3 Bd7 6.Be2 cxd4 7.cxd4 Nh6 8.Bxh6 
gxh6 9.Nc3 Bg7 10.Qd2 f6 11.O-O O-O 12.Bb5 fxe5 13.Bxc6 Bxc6 14.Nxe5 Bxe5 
15.dxe5 d4 16.Ne2 Qd5 17.f3 Rad8 18.Rad1 d3 19.Nc3 Qd4+ 20.Kh1 Kg7 21.Qf2 
Rf5 22.Qxd4 Rxd4 23.Rfe1 b5 24.Re3 b4 25.Ne2 Rd5 26.Rexd3 Rxd3 27.Rxd3 
Rxe5 28.Rd2 Bb5 29.Ng1 Re1 30.h4 Kf6 31.Kh2 a5 32.Nh3 Re2 33.Rxe2 Bxe2 34.
Kg3 Bc4 35.a3 bxa3 36.bxa3 Ke5 37.Nf2 Kd4 38.Kf4 Kc3 39.Ne4+ Kb2 40.Nd6 
Bf1 41.Ke5 Kxa3 42.Kxe6 Kb4 43.f4 Bxg2 44.f5 Kc5 45.f6 Bd5+ 46.Ke5 Bb3 47.
Nb7+ Kb4 48.Kd6 a4 49.Nc5 Bg8 50.Nxa4 Kxa4 51.Ke7 Kb5 52.Kf8 Bd5 53.Kg7 
Kc6 54.Kxh6 Kd7 55.Kxh7 Bf7 1/2-1/2

[Event "2nd GMA World Cup prel  #1"]
[Site "Belgrade YUG"]
[Date "1988.??.??"]
[Round "?"]
[White "Timoschenko, Gennady"]
[Black "Karpman, Vadim"]
[Result "1-0"]
[WhiteElo "2455"]
[BlackElo "2490"]
[EventDate "1988.12.??"]
[PlyCount "81"]

1.d4 Nf6 2.c4 e6 3.Nf3 b6 4.g3 Bb7 5.Bg2 Be7 6.Nc3 Ne4 7.Bd2 O-O 8.d5 f5 
9.Qc2 exd5 10.Nxd5 Nc6 11.O-O Bf6 12.Rad1 a5 13.Be3 d6 14.c5 Nb4 15.Nxf6+ 
Qxf6 16.Qb3+ d5 17.a3 Na6 18.cxb6 Nac5 19.Qc2 cxb6 20.Bd4 Qe7 21.b3 f4 22.
Qb2 Rac8 23.Rc1 fxg3 24.hxg3 Nd6 25.Rc2 Nf5 26.Be5 Rc6 27.Rfc1 Re6 28.b4 
axb4 29.axb4 Na4 30.Qb3 Rxe5 31.Rc7 Nc5 32.R1xc5 bxc5 33.Rxe7 Rxe7 34.bxc5
Bc6 35.g4 Rb7 36.Qa2 Ne7 37.Nd4 Rc7 38.e4 Ra8 39.Qb2 Rb7 40.Qd2 Rb1+ 41.
Kh2 1-0

[Event "2nd GMA World Cup prel  #1"]
[Site "Belgrade YUG"]
[Date "1988.??.??"]
[Round "?"]
[White "Timoschenko, Gennady"]
[Black "Rodriguez Cespedes, Amador"]
[Result "1/2-1/2"]
[WhiteElo "2455"]
[BlackElo "2550"]
[EventDate "1988.12.??"]
[PlyCount "38"]

1.d4 Nf6 2.c4 e6 3.Nf3 b6 4.g3 Ba6 5.b3 d5 6.cxd5 exd5 7.Bg2 Bb4+ 8.Bd2 
Bxd2+ 9.Qxd2 O-O 10.Nc3 Re8 11.O-O Nbd7 12.Rfd1 Ne4 13.Nxe4 dxe4 14.Ne1 
Nf6 15.Nc2 Nd5 16.Ne3 Bb7 17.Rac1 Qe7 18.Rc2 Nxe3 19.Qxe3 Bd5 1/2-1/2